Synthesis of Silver Nanoparticles in the Presence of Polyethylene Glycol and Their Electrochemical Behavior at A Graphite Electrode by Cyclic Voltammetry; Oriental journal of chemistry; Vol. 34, No. 2

Bibliografische gegevens
Parent link:Oriental journal of chemistry
Vol. 34, No. 2.— 2018.— [P. 1130-1135]
Hoofdauteur: Perevezentseva D. O. Dariya Olegovna
Coauteur: Национальный исследовательский Томский политехнический университет Школа базовой инженерной подготовки Отделение естественных наук
Andere auteurs: Vaytulevich (Vaitulevich) E. A. Elena Anatolievna, Bimatov V. I. Vladimir Ismagilovich
Samenvatting:Title screen
lder is associated with the oxidation of smaller AgNPs. Thus, the size and form of AgNPs determins their electrochemical activity. The synthesis conditions control their electrochemical behavior caused by a change in the state of their surface.
Taal:Engels
Gepubliceerd in: 2018
Onderwerpen:
Online toegang:http://dx.doi.org/10.13005/ojc/340267
Formaat: Elektronisch Hoofdstuk
KOHA link:https://koha.lib.tpu.ru/cgi-bin/koha/opac-detail.pl?biblionumber=664821

MARC

LEADER 00000naa0a2200000 4500
001 664821
005 20250122160923.0
035 |a (RuTPU)RU\TPU\network\36006 
035 |a RU\TPU\network\9762 
090 |a 664821 
100 |a 20210520d2018 k||y0rusy50 ba 
101 0 |a eng 
102 |a IN 
135 |a drcn ---uucaa 
181 0 |a i  
182 0 |a b 
200 1 |a Synthesis of Silver Nanoparticles in the Presence of Polyethylene Glycol and Their Electrochemical Behavior at A Graphite Electrode by Cyclic Voltammetry  |f D. O. Perevezentseva, E. A. Vaytulevich (Vaitulevich), V. I. Bimatov 
203 |a Text  |c electronic 
300 |a Title screen 
320 |a [References: 21 tit.] 
330 |a lder is associated with the oxidation of smaller AgNPs. Thus, the size and form of AgNPs determins their electrochemical activity. The synthesis conditions control their electrochemical behavior caused by a change in the state of their surface. 
461 |t Oriental journal of chemistry 
463 |t Vol. 34, No. 2  |v [P. 1130-1135]  |d 2018 
610 1 |a электронный ресурс 
610 1 |a труды учёных ТПУ 
610 1 |a silver nanoparticles 
610 1 |a electrochemical behavior 
610 1 |a polyethylene glycol 
610 1 |a sol 
610 1 |a gel synthesis 
610 1 |a наночастицы 
610 1 |a серебро 
610 1 |a электрохимическое поведение 
610 1 |a полиэтиленгликоль 
610 1 |a синтез 
700 1 |a Perevezentseva  |b D. O.  |c Chemist  |c Associate Professor of Tomsk Polytechnic University, Candidate of chemical sciences  |f 1979-  |g Dariya Olegovna  |3 (RuTPU)RU\TPU\pers\33799  |9 17397 
701 1 |a Vaytulevich (Vaitulevich)  |b E. A.  |c chemist  |c Associate Professor of Tomsk Polytechnic University, Candidate of Chemical Sciences  |f 1967-  |g Elena Anatolievna  |3 (RuTPU)RU\TPU\pers\34130  |9 17670 
701 1 |a Bimatov  |b V. I.  |g Vladimir Ismagilovich 
712 0 2 |a Национальный исследовательский Томский политехнический университет  |b Школа базовой инженерной подготовки  |b Отделение естественных наук  |3 (RuTPU)RU\TPU\col\23562 
801 2 |a RU  |b 63413507  |c 20210520  |g RCR 
856 4 |u http://dx.doi.org/10.13005/ojc/340267 
942 |c CF